| 000 | 01305nam0a2200313 4500 | ||
|---|---|---|---|
| 001 | RU\NLR\BIBL_A\022252566 | ||
| 005 | 20240805162554.0 | ||
| 010 |
_a978-5-6047773-5-0 _9100 |
||
| 021 |
_aRU _bКН-П-24-026147 _9КН-П-24-2683 |
||
| 035 | _a(NLR Aleph) 022252566 | ||
| 090 |
_a13193760 _c13193760 |
||
| 100 | _a20240614d2022 k y0rusy50 ca | ||
| 101 | 0 | _arus | |
| 102 | _aRU | ||
| 105 | _aa z 000yy | ||
| 181 | 0 |
_ai3 _baxxe |
|
| 182 | 0 | _an | |
| 200 | 1 |
_aМодели и механизмы управления земельными ресурсами в сельском хозяйстве _eмонография _fЕ. Ф. Заворотин |
|
| 203 |
_aТекст _bвизуальный _cнепосредственный |
||
| 210 |
_aСаратов _cСаратовский источник _d2022 |
||
| 215 |
_a176 с. _cил., табл. _d20 |
||
| 320 | _aБиблиогр.: с. 141-159 (168 назв.) | ||
| 606 | 1 |
_aЗемельные ресурсы _xУправление _yРоссийская Федерация _2nlr_sh1 _2nlr_sh2 _3RU\NLR\AUTH\661371454 |
|
| 686 | 1 | _aУ32(2)-51-21(2Р) | |
| 700 | 1 |
_aЗаворотин _bЕ. Ф. _gЕвгений Феофанович |
|
| 942 | _cBOOK | ||
| 980 | _aNB | ||